Les saints célèbres (par image) - Statistiques

Statistiques générales
  • Ce quiz a été pris 152 fois
  • Le résultat moyen est 10 sur 20
Statistiques - réponses
Par images Réponse % Correct
Saint Jean
94%
Saint Pierre
92%
Saint Nicolas de Myre
80%
Saint Joseph
78%
Saint Paul
78%
Saint Louis
75%
Saint François d'Assise
72%
Saint Thomas d'Aquin
52%
Saint Jean-Marie Vianney / Saint Curé d'Ars
50%
Saint Simon de Cyrène
50%
Saint Vincent de Paul
50%
Saint Augustin
47%
Saint Antoine
41%
Saint Pie X
37%
Saint Patrick
32%
Saint Rémi
24%
Saint Cyrille d'Alexandrie
21%
Saint Louis-Marie Grignion de Montfort
18%
Saint Bernard de Clairvaux
17%
Saint Alphonse de Liguori
6%
Aucun quiz correspondant
Distribution des résultats
% des personnes avec chaque résultat
Percentile par nombre de réponses
Votre historique - résultats
Vous n’avez pas pris ce quiz